<?xml version="1.0" encoding="UTF-8"?>
<record
    xmlns:xsi="http://www.w3.org/2001/XMLSchema-instance"
    xsi:schemaLocation="http://www.loc.gov/MARC21/slim http://www.loc.gov/standards/marcxml/schema/MARC21slim.xsd"
    xmlns="http://www.loc.gov/MARC21/slim">

  <leader>00246nam a2200109   4500</leader>
  <datafield tag="082" ind1=" " ind2=" ">
    <subfield code="a">621.381LIV</subfield>
  </datafield>
  <datafield tag="100" ind1=" " ind2=" ">
    <subfield code="a">Liver, Mittens</subfield>
  </datafield>
  <datafield tag="245" ind1=" " ind2=" ">
    <subfield code="a">Application of Electronics</subfield>
  </datafield>
  <datafield tag="260" ind1=" " ind2=" ">
    <subfield code="a">New York:</subfield>
    <subfield code="b">Mcgraw-Hill,</subfield>
    <subfield code="c">1966.</subfield>
  </datafield>
  <datafield tag="300" ind1=" " ind2=" ">
    <subfield code="a">592p. ;</subfield>
  </datafield>
  <datafield tag="942" ind1=" " ind2=" ">
    <subfield code="c">BK</subfield>
  </datafield>
  <datafield tag="999" ind1=" " ind2=" ">
    <subfield code="c">12920</subfield>
    <subfield code="d">12920</subfield>
  </datafield>
  <datafield tag="952" ind1=" " ind2=" ">
    <subfield code="0">0</subfield>
    <subfield code="1">0</subfield>
    <subfield code="4">0</subfield>
    <subfield code="7">0</subfield>
    <subfield code="a">BB</subfield>
    <subfield code="b">BB</subfield>
    <subfield code="d">2015-04-09</subfield>
    <subfield code="g">50.00</subfield>
    <subfield code="l">0</subfield>
    <subfield code="o">621.381LIV</subfield>
    <subfield code="p">B1109</subfield>
    <subfield code="r">2015-04-09 00:00:00</subfield>
    <subfield code="w">2015-04-09</subfield>
    <subfield code="y">BK</subfield>
  </datafield>
  <datafield tag="952" ind1=" " ind2=" ">
    <subfield code="0">0</subfield>
    <subfield code="1">0</subfield>
    <subfield code="4">0</subfield>
    <subfield code="7">0</subfield>
    <subfield code="a">BB</subfield>
    <subfield code="b">BB</subfield>
    <subfield code="d">2015-04-09</subfield>
    <subfield code="g">50.00</subfield>
    <subfield code="l">0</subfield>
    <subfield code="o">621.381LIV</subfield>
    <subfield code="p">B1110</subfield>
    <subfield code="r">2015-04-09 00:00:00</subfield>
    <subfield code="w">2015-04-09</subfield>
    <subfield code="y">BK</subfield>
  </datafield>
  <datafield tag="952" ind1=" " ind2=" ">
    <subfield code="0">0</subfield>
    <subfield code="1">0</subfield>
    <subfield code="4">0</subfield>
    <subfield code="7">0</subfield>
    <subfield code="a">BB</subfield>
    <subfield code="b">BB</subfield>
    <subfield code="d">2015-04-09</subfield>
    <subfield code="g">50.00</subfield>
    <subfield code="l">0</subfield>
    <subfield code="o">621.381LIV</subfield>
    <subfield code="p">B1111</subfield>
    <subfield code="r">2015-04-09 00:00:00</subfield>
    <subfield code="w">2015-04-09</subfield>
    <subfield code="y">BK</subfield>
  </datafield>
  <datafield tag="952" ind1=" " ind2=" ">
    <subfield code="0">0</subfield>
    <subfield code="1">0</subfield>
    <subfield code="4">0</subfield>
    <subfield code="7">0</subfield>
    <subfield code="a">BB</subfield>
    <subfield code="b">BB</subfield>
    <subfield code="d">2015-04-09</subfield>
    <subfield code="g">50.00</subfield>
    <subfield code="l">0</subfield>
    <subfield code="o">621.381LIV</subfield>
    <subfield code="p">B1112</subfield>
    <subfield code="r">2015-04-09 00:00:00</subfield>
    <subfield code="w">2015-04-09</subfield>
    <subfield code="y">BK</subfield>
  </datafield>
  <datafield tag="952" ind1=" " ind2=" ">
    <subfield code="0">0</subfield>
    <subfield code="1">0</subfield>
    <subfield code="4">0</subfield>
    <subfield code="7">0</subfield>
    <subfield code="a">BB</subfield>
    <subfield code="b">BB</subfield>
    <subfield code="d">2015-04-09</subfield>
    <subfield code="g">50.00</subfield>
    <subfield code="l">0</subfield>
    <subfield code="o">621.381LIV</subfield>
    <subfield code="p">B1113</subfield>
    <subfield code="r">2015-04-09 00:00:00</subfield>
    <subfield code="w">2015-04-09</subfield>
    <subfield code="y">BK</subfield>
  </datafield>
</record>
